000 00339nam a22001457a 4500
003 SGT
020 _a978-93-91208-07-5
082 _a615.6
_bUDD
100 _aUDDIN, DR. REHAN
245 _aNOVEL DRUG DELIVERY SYSTEMS
260 _aINDIA
_bIP PUB.
_c2023
300 _a124
650 _aNOVEL DRUG DELIVERY SYSTEMS
942 _2ddc
_cBK
999 _c34166
_d34166